The nibelugenlied / (Record no. 977919)

MARC details
000 -LEADER
fixed length control field 00814nam a2200277 a 4500
001 - CONTROL NUMBER
control field vtls001527818
003 - CONTROL NUMBER IDENTIFIER
control field NLI
005 - DATE AND TIME OF LATEST TRANSACTION
control field 20210627144827.0
008 - FIXED-LENGTH DATA ELEMENTS--GENERAL INFORMATION
fixed length control field 121212s1991 ck 000 0 eng
039 #9 - LEVEL OF BIBLIOGRAPHIC CONTROL AND CODING DETAIL [OBSOLETE]
-- 201212121613
-- VLOAD
040 0# - CATALOGING SOURCE
Original cataloging agency NLI
Language of cataloging eng
Transcribing agency XData_1
Description conventions AACR2
041 1# - LANGUAGE CODE
Language code of text/sound track or separate title eng
044 ## - COUNTRY OF PUBLISHING/PRODUCING ENTITY CODE
MARC country code ck
082 ## - DEWEY DECIMAL CLASSIFICATION NUMBER
Classification number 157
245 04 - TITLE STATEMENT
Title The nibelugenlied /
Statement of responsibility, etc. translated by William Nanson Lellsom ; introduction by William H. Carpenter
250 ## - EDITION STATEMENT
Edition statement Rev. ed.
260 ## - PUBLICATION, DISTRIBUTION, ETC.
Place of publication, distribution, etc. Columbia :
Name of publisher, distributor, etc. Colonial Press,
Date of publication, distribution, etc. 1991
300 ## - PHYSICAL DESCRIPTION
Extent xxii, 405 p. ;
Dimensions 24 cm.
650 #0 - SUBJECT ADDED ENTRY--TOPICAL TERM
Topical term or geographic name entry element German literature
9 (RLIN) 679008
700 1# - ADDED ENTRY--PERSONAL NAME
Personal name Lellsom, William Nanson,
Relationship trl
9 (RLIN) 756945
887 ## - NON-MARC INFORMATION FIELD
Content of non-MARC field
901 ## - LOCAL DATA ELEMENT A, LDA (RLIN)
a IMP292627
b 20.09.1952
902 ## - LOCAL DATA ELEMENT B, LDB (RLIN)
a 157 D 377
949 ## - LOCAL PROCESSING INFORMATION (OCLC)
-- VIRTUAITEM
-- 10000
-- 100
6 IMP000292627ENG
942 ## - ADDED ENTRY ELEMENTS (KOHA)
Source of classification or shelving scheme Dewey Decimal Classification
Koha item type Books
Holdings
Withdrawn status Lost status Damaged status Not for loan Home library Current library Date acquired Total Checkouts Full call number Barcode Date last seen Price effective from Koha item type
        National Library of India National Library of India     157 D 377 IMP000292627ENG 27/06/2021 27/06/2021 Books
                                                                           
web counter

Copyright ©2020 The National Library of India, Govt. of India ↔ Hosted by NVLI, MOC ↔ Technology and Design by National Library of India, Ministry of Culture, Govt. of India